| 000 | 00442nam a22001817a 4500 | ||
|---|---|---|---|
| 003 | MPLRDC | ||
| 005 | 20220104114635.0 | ||
| 008 | 210129b ||||| |||| 00| 0 eng d | ||
| 082 | _a192.1 SHCS v.29 | ||
| 100 | _a不详 | ||
| 245 |
_a人生的锦襄 _c |
||
| 250 | _a初版十六刷 | ||
| 260 |
_a _b时报文化出版事业有限 _c1985 |
||
| 300 | _b平 | ||
| 490 | _a生活丛书. 29 | ||
| 650 | _a修身 | ||
| 942 |
_cBK _o192.1 SHCS v.29 |
||
| 999 |
_c9061 _d9051 |
||